Let's read about-- Martin Luther King, Jr. / (Record no. 3549)

MARC details
000 -LEADER
fixed length control field 01681cam a2200409 a 4500
005 - DATE AND TIME OF LATEST TRANSACTION
control field 20250327100356.0
020 ## - INTERNATIONAL STANDARD BOOK NUMBER
International Standard Book Number 9780439221122
020 ## - INTERNATIONAL STANDARD BOOK NUMBER
International Standard Book Number 078073003990
040 ## - CATALOGING SOURCE
Original cataloging agency DLC
Transcribing agency DLC
Modifying agency DLC
Language of cataloging eng
050 00 - LIBRARY OF CONGRESS CALL NUMBER
Classification number E185.97.K5
082 00 - DEWEY DECIMAL CLASSIFICATION NUMBER
Classification number 323.092
100 1# - MAIN ENTRY--PERSONAL NAME
Personal name Baker, Courtney
245 10 - TITLE STATEMENT
Title Let's read about-- Martin Luther King, Jr. /
Statement of responsibility, etc. by Courtney Baker ; illustrated by Cornelius Van Wright and Ying-Hwa Hu
246 30 - VARYING FORM OF TITLE
Title proper/short title Let's read about
246 30 - VARYING FORM OF TITLE
Title proper/short title Martin Luther King, Jr.
250 ## - EDITION STATEMENT
Edition statement First printing , January 2001
260 ## - PUBLICATION, DISTRIBUTION, ETC.
Place of publication, distribution, etc. New York :
Name of publisher, distributor, etc. Scholastic,
Date of publication, distribution, etc. 2001.
300 ## - PHYSICAL DESCRIPTION
Extent 32 unnumbered pages :
Other physical details color illustrations ;
Dimensions 24 cm .
490 ## - SERIES STATEMENT
Series statement Scholastic First Biographies
505 ## - FORMATTED CONTENTS NOTE
Formatted contents note N <br/>
520 ## - SUMMARY, ETC.
Summary, etc. Martin Luther King, Jr. grew up in the South and learned about racism. He became a leader and taught the world about equality. Follow his story and learn why we still celebrate a man and his dream today.-p.4 of cover.
521 ## - TARGET AUDIENCE NOTE
Target audience note 570 <br/>
Source Lexile <br/>
521 ## - TARGET AUDIENCE NOTE
Target audience note N <br/>
Source Raz-Plus <br/>
650 #0 - SUBJECT ADDED ENTRY--TOPICAL TERM
Topical term or geographic name entry element African Americans
Form subdivision Biography
-- Juvenile literature.
650 #0 - SUBJECT ADDED ENTRY--TOPICAL TERM
Topical term or geographic name entry element Civil rights workers
Geographic subdivision United States
Form subdivision Biography
-- Juvenile literature.
650 #0 - SUBJECT ADDED ENTRY--TOPICAL TERM
Topical term or geographic name entry element Baptists
Geographic subdivision United States
General subdivision Clergy
Form subdivision Biography
-- Juvenile literature.
650 #0 - SUBJECT ADDED ENTRY--TOPICAL TERM
Topical term or geographic name entry element African Americans
General subdivision Civil rights
-- History
Chronological subdivision 20th century
Form subdivision Juvenile literature.
650 #1 - SUBJECT ADDED ENTRY--TOPICAL TERM
Topical term or geographic name entry element Civil rights workers.
650 #1 - SUBJECT ADDED ENTRY--TOPICAL TERM
Topical term or geographic name entry element Clergy.
650 #1 - SUBJECT ADDED ENTRY--TOPICAL TERM
Topical term or geographic name entry element Civil rights movements
General subdivision History.
650 #1 - SUBJECT ADDED ENTRY--TOPICAL TERM
Topical term or geographic name entry element African Americans
Form subdivision Biography.
700 1# - ADDED ENTRY--PERSONAL NAME
Personal name Hu, Ying-Hwa
Relator term illustrator
700 1# - ADDED ENTRY--PERSONAL NAME
Personal name Van Wright, Cornelius
Relator term illustrator
906 ## - LOCAL DATA ELEMENT F, LDF (RLIN)
a 7
b cbc
c orignew
d 1
e ocip
f 20
g y-gencatlg
942 ## - ADDED ENTRY ELEMENTS (KOHA)
Source of classification or shelving scheme Dewey Decimal Classification
Koha item type Books
Suppress in OPAC No
999 ## -
-- 3549
-- 3549
Holdings
Withdrawn status Lost status Source of classification or shelving scheme Damaged status Not for loan Collection Home library Current library Shelving location Date acquired Total Checkouts Full call number Barcode Date last seen Copy number Price effective from Koha item type
    Dewey Decimal Classification     Non-Fiction Footprints International School Library Network Toul Kork Campus Footprints International School Library Network Toul Kork Campus   03/18/2024   BAK 323.092 E185.K5 FIS01996 03/18/2024 1 03/18/2024 Books
    Dewey Decimal Classification     Non-Fiction Footprints International School Library Network Toul Kork Campus Footprints International School Library Network Toul Kork Campus TK Primary Library Room(4th Floor), Bookcase 3&4, Shelves 17-32, Yellow Books 03/18/2024   BAK 323.092 E185.K5 FISTK01783 01/09/2025 2 03/18/2024 Books
    Dewey Decimal Classification     Non-Fiction Footprints International School Library Network Toul Tom Poung Campus Footprints International School Library Network Toul Tom Poung Campus TTP Primary Yellow Bookshelves 03/27/2025   BAK 323.092 E185.K5 2025-0843 03/27/2025 3 03/27/2025 Books
    Dewey Decimal Classification     Non-Fiction Footprints International School Library Network Toul Tom Poung Campus Footprints International School Library Network Toul Tom Poung Campus TTP Primary Yellow Bookshelves 10/24/2025   BAK 323.092 E185.K5 FISBK01550 10/24/2025 4 10/24/2025 Books